000 00712nam a2200265Ia 4500
003 OSt
005 20221005101848.0
006 a|||||r|||| 00| 0
007 ta
008 221004b |||||||| |||| 00| 0 eng d
024 _a20558
037 _cTextual
040 _aCRL
_cCRL
_beng
041 _2eng
_aeng
082 _aV73:76k, M7
100 _aCarruth Gorton
_9615058
245 0 _aEncyclopedia of American facts and dates
250 _a8th
260 _aUnited
_bStates Harper and Row
_c1987
300 _a1006p
_ccm.
650 _a ENCYCLOPEDIAS AND DICTIONARIES
_977
650 _aHISTORY
942 _hV73:76k, M7
_cTEXL
_2cc
999 _c1007494
_d1007494